Countries that Border the D.R. of the Congo - Statistics

General Stats
  • This quiz has been taken 22 times
  • The average score is 8 of 9
Answer Stats
Border in Km Answer % Correct
2,646 km Angola
90%
1,747 km Central African Republic
90%
1,229 km Republic of the Congo
90%
221 km Rwanda
85%
877 km Uganda
85%
2,332 km Zambia
85%
236 km Burundi
80%
479 km Tanzania
80%
714 km South Sudan
70%
No matching quizzes found
Score Distribution
Percent of People with Each Score
Percentile by Number Answered
Your Score History
You have not taken this quiz